La banchiera

Zapisane w:
Opis bibliograficzny
1. autor: Noli, Jean
Format: Książka
Język:angielski
Etykiety: Dodaj etykietę
Nie ma etykietki, Dołącz pierwszą etykiete!

MARC

LEADER 00000nam a2200000 4500
001 CDOM0000002576
003 mi
005 20250919160748.0
008 250919b |||||||| |||| 00| 0 eng d
040 |c mi 
100 |a Noli, Jean 
245 1 |a La banchiera  
942 |2 ddc  |c BK 
952 |0 0  |1 0  |2 ddc  |4 0  |7 0  |9 6068  |a MI  |b MI  |d 1987-12-17  |i 746  |l 0  |p CDOM746  |r 2025-07-13 16:28:00  |w 2025-07-13  |x ACQUISTO  |y BK 
999 |c 4846  |d 4846